<?xml version="1.0" encoding="UTF-8"?>
<record
    xmlns:xsi="http://www.w3.org/2001/XMLSchema-instance"
    xsi:schemaLocation="http://www.loc.gov/MARC21/slim http://www.loc.gov/standards/marcxml/schema/MARC21slim.xsd"
    xmlns="http://www.loc.gov/MARC21/slim">

  <leader>02537nam a22003017a 4500</leader>
  <controlfield tag="003">NALT</controlfield>
  <controlfield tag="005">20240726111559.0</controlfield>
  <controlfield tag="008">240621b        th ||||| |||| 00| 0 tha d</controlfield>
  <datafield tag="020" ind1=" " ind2=" ">
    <subfield code="a">9789743266898</subfield>
  </datafield>
  <datafield tag="040" ind1=" " ind2=" ">
    <subfield code="a">NALT</subfield>
  </datafield>
  <datafield tag="050" ind1=" " ind2=" ">
    <subfield code="a">QL 675</subfield>
    <subfield code="b">&#xE01;783&#xE01; 2565</subfield>
  </datafield>
  <datafield tag="100" ind1="0" ind2=" ">
    <subfield code="a">&#xE40;&#xE01;&#xE29;&#xE21; &#xE08;&#xE31;&#xE19;&#xE17;&#xE23;&#xE4C;&#xE14;&#xE33;.</subfield>
    <subfield code="9">39510</subfield>
  </datafield>
  <datafield tag="245" ind1="1" ind2="0">
    <subfield code="a">&#xE01;&#xE32;&#xE23;&#xE17;&#xE33;&#xE04;&#xE27;&#xE32;&#xE21;&#xE2A;&#xE30;&#xE2D;&#xE32;&#xE14;&#xE23;&#xE31;&#xE07;&#xE19;&#xE01; /</subfield>
    <subfield code="c">&#xE40;&#xE01;&#xE29;&#xE21; &#xE08;&#xE31;&#xE19;&#xE17;&#xE23;&#xE4C;&#xE14;&#xE33; &#xE41;&#xE25;&#xE30; &#xE19;&#xE31;&#xE19;&#xE17;&#xE27;&#xE31;&#xE12;&#xE19;&#xE4C; &#xE21;&#xE32;&#xE16;&#xE19;&#xE2D;&#xE21; ; &#xE1A;&#xE23;&#xE23;&#xE13;&#xE32;&#xE18;&#xE34;&#xE01;&#xE32;&#xE23;, &#xE1B;&#xE34;&#xE22;&#xE0A;&#xE32;&#xE15;&#xE34; &#xE2A;&#xE36;&#xE07;&#xE15;&#xE35; &#xE41;&#xE25;&#xE30; &#xE15;&#xE24;&#xE13; &#xE44;&#xE2D;&#xE22;&#xE30;&#xE23;&#xE32;.</subfield>
  </datafield>
  <datafield tag="250" ind1=" " ind2=" ">
    <subfield code="a">&#xE1E;&#xE34;&#xE21;&#xE1E;&#xE4C;&#xE04;&#xE23;&#xE31;&#xE49;&#xE07;&#xE41;&#xE23;&#xE01;.</subfield>
  </datafield>
  <datafield tag="260" ind1=" " ind2=" ">
    <subfield code="a">&#xE19;&#xE04;&#xE23;&#xE28;&#xE23;&#xE35;&#xE18;&#xE23;&#xE23;&#xE21;&#xE23;&#xE32;&#xE0A;,</subfield>
    <subfield code="b">&#xE2A;&#xE33;&#xE19;&#xE31;&#xE01;&#xE07;&#xE32;&#xE19;&#xE01;&#xE32;&#xE23;&#xE27;&#xE34;&#xE08;&#xE31;&#xE22;&#xE41;&#xE2B;&#xE48;&#xE07;&#xE0A;&#xE32;&#xE15;&#xE34; (&#xE27;&#xE0A;.),</subfield>
    <subfield code="c">2565.</subfield>
  </datafield>
  <datafield tag="300" ind1=" " ind2=" ">
    <subfield code="a">61 &#xE2B;&#xE19;&#xE49;&#xE32; :</subfield>
    <subfield code="b">&#xE20;&#xE32;&#xE1E;&#xE1B;&#xE23;&#xE30;&#xE01;&#xE2D;&#xE1A; ;</subfield>
    <subfield code="c">23 &#xE0B;&#xE21;.</subfield>
  </datafield>
  <datafield tag="505" ind1="2" ind2=" ">
    <subfield code="a">&#xE01;&#xE23;&#xE30;&#xE1A;&#xE27;&#xE19;&#xE01;&#xE32;&#xE23;&#xE17;&#xE33;&#xE04;&#xE27;&#xE32;&#xE21;&#xE2A;&#xE30;&#xE2D;&#xE32;&#xE14;&#xE23;&#xE31;&#xE07;&#xE19;&#xE01; --
1. &#xE01;&#xE32;&#xE23;&#xE08;&#xE33;&#xE41;&#xE19;&#xE01;&#xE1B;&#xE23;&#xE30;&#xE40;&#xE20;&#xE17;&#xE02;&#xE2D;&#xE07;&#xE23;&#xE31;&#xE07;&#xE19;&#xE01;&#xE23;&#xE31;&#xE07;&#xE14;&#xE34;&#xE1A; --
2. &#xE01;&#xE32;&#xE23;&#xE41;&#xE22;&#xE01;&#xE1B;&#xE23;&#xE30;&#xE40;&#xE20;&#xE17;&#xE23;&#xE31;&#xE07;&#xE19;&#xE01;&#xE17;&#xE33;&#xE04;&#xE27;&#xE32;&#xE21;&#xE2A;&#xE30;&#xE2D;&#xE32;&#xE14;&#xE15;&#xE32;&#xE21;&#xE25;&#xE31;&#xE01;&#xE29;&#xE13;&#xE30;&#xE1B;&#xE23;&#xE34;&#xE21;&#xE32;&#xE13;&#xE02;&#xE19; --
3. &#xE01;&#xE32;&#xE23;&#xE40;&#xE15;&#xE23;&#xE35;&#xE22;&#xE21;&#xE2D;&#xE38;&#xE1B;&#xE01;&#xE23;&#xE13;&#xE4C;&#xE17;&#xE33;&#xE04;&#xE27;&#xE32;&#xE21;&#xE2A;&#xE30;&#xE2D;&#xE32;&#xE14;&#xE23;&#xE31;&#xE07;&#xE19;&#xE01; --
4. &#xE01;&#xE32;&#xE23;&#xE43;&#xE0A;&#xE49; &#xE41;&#xE2B;&#xE19;&#xE1A; &#xE17;&#xE33;&#xE04;&#xE27;&#xE32;&#xE21;&#xE2A;&#xE30;&#xE2D;&#xE32;&#xE14;&#xE23;&#xE31;&#xE07;&#xE19;&#xE01; --
5. &#xE01;&#xE32;&#xE23;&#xE17;&#xE33;&#xE04;&#xE27;&#xE32;&#xE21;&#xE2A;&#xE30;&#xE2D;&#xE32;&#xE14;&#xE23;&#xE31;&#xE07;&#xE19;&#xE01;&#xE41;&#xE1A;&#xE1A;&#xE15;&#xE48;&#xE32;&#xE07; &#xE46; --
6. &#xE01;&#xE32;&#xE23;&#xE15;&#xE23;&#xE27;&#xE08;&#xE2A;&#xE2D;&#xE1A;&#xE04;&#xE27;&#xE32;&#xE21;&#xE2A;&#xE30;&#xE2D;&#xE32;&#xE14;&#xE23;&#xE31;&#xE07;&#xE19;&#xE01; &#xE2B;&#xE23;&#xE37;&#xE2D; QC. &#xE23;&#xE31;&#xE07;&#xE19;&#xE01; --
7. &#xE01;&#xE32;&#xE23;&#xE1A;&#xE23;&#xE23;&#xE08;&#xE38;&#xE20;&#xE31;&#xE13;&#xE11;&#xE4C;&#xE23;&#xE31;&#xE07;&#xE19;&#xE01; --
8. &#xE2A;&#xE39;&#xE15;&#xE23;&#xE01;&#xE32;&#xE23;&#xE04;&#xE33;&#xE19;&#xE27;&#xE13;&#xE15;&#xE49;&#xE19;&#xE17;&#xE38;&#xE19;&#xE01;&#xE32;&#xE23;&#xE25;&#xE49;&#xE32;&#xE07;&#xE23;&#xE31;&#xE07;&#xE19;&#xE01;&#xE44;&#xE17;&#xE22;
9. &#xE2D;&#xE31;&#xE15;&#xE23;&#xE32;&#xE04;&#xE48;&#xE32;&#xE08;&#xE49;&#xE32;&#xE07;&#xE25;&#xE49;&#xE32;&#xE07;&#xE23;&#xE31;&#xE07;&#xE19;&#xE01; --
10. &#xE21;&#xE32;&#xE15;&#xE23;&#xE10;&#xE32;&#xE19;&#xE42;&#xE23;&#xE07;&#xE07;&#xE32;&#xE19;&#xE17;&#xE33;&#xE04;&#xE27;&#xE32;&#xE21;&#xE2A;&#xE30;&#xE2D;&#xE32;&#xE14;&#xE23;&#xE31;&#xE07;&#xE19;&#xE01;.</subfield>
  </datafield>
  <datafield tag="650" ind1=" " ind2="4">
    <subfield code="a">&#xE19;&#xE01;&#xE41;&#xE2D;&#xE48;&#xE19;&#xE01;&#xE34;&#xE19;&#xE23;&#xE31;&#xE07;</subfield>
    <subfield code="9">64387</subfield>
  </datafield>
  <datafield tag="650" ind1=" " ind2="4">
    <subfield code="a">&#xE23;&#xE31;&#xE07;&#xE19;&#xE01;&#xE17;&#xE35;&#xE48;&#xE40;&#xE1B;&#xE47;&#xE19;&#xE2D;&#xE32;&#xE2B;&#xE32;&#xE23;</subfield>
    <subfield code="9">64466</subfield>
  </datafield>
  <datafield tag="650" ind1=" " ind2="4">
    <subfield code="a">&#xE23;&#xE31;&#xE07;&#xE19;&#xE01; </subfield>
    <subfield code="x">&#xE01;&#xE32;&#xE23;&#xE17;&#xE33;&#xE04;&#xE27;&#xE32;&#xE21;&#xE2A;&#xE30;&#xE2D;&#xE32;&#xE14;</subfield>
    <subfield code="9">64467</subfield>
  </datafield>
  <datafield tag="700" ind1="0" ind2=" ">
    <subfield code="a">&#xE19;&#xE31;&#xE19;&#xE17;&#xE27;&#xE31;&#xE12;&#xE19;&#xE4C; &#xE21;&#xE32;&#xE16;&#xE19;&#xE2D;&#xE21;.</subfield>
    <subfield code="9">64465</subfield>
  </datafield>
  <datafield tag="700" ind1="0" ind2=" ">
    <subfield code="a">&#xE1B;&#xE34;&#xE22;&#xE0A;&#xE32;&#xE15;&#xE34; &#xE2A;&#xE36;&#xE07;&#xE15;&#xE35;.</subfield>
    <subfield code="9">64391</subfield>
  </datafield>
  <datafield tag="700" ind1="0" ind2=" ">
    <subfield code="a">&#xE15;&#xE24;&#xE13; &#xE44;&#xE2D;&#xE22;&#xE30;&#xE23;&#xE32;.</subfield>
    <subfield code="9">64392</subfield>
  </datafield>
  <datafield tag="942" ind1=" " ind2=" ">
    <subfield code="c">GB</subfield>
    <subfield code="2">lcc</subfield>
  </datafield>
  <datafield tag="996" ind1=" " ind2=" ">
    <subfield code="a">chunbijaya.r</subfield>
    <subfield code="b">CATSTF	</subfield>
    <subfield code="c">2024-06-21</subfield>
  </datafield>
  <datafield tag="996" ind1=" " ind2=" ">
    <subfield code="a">jamriang.p</subfield>
    <subfield code="b">CATSTF	</subfield>
    <subfield code="c">2024-07-26</subfield>
  </datafield>
  <datafield tag="999" ind1=" " ind2=" ">
    <subfield code="c">105378</subfield>
    <subfield code="d">105378</subfield>
  </datafield>
  <datafield tag="998" ind1=" " ind2=" ">
    <subfield code="j">1020</subfield>
    <subfield code="k"> &#xE08;&#xE33;&#xE40;&#xE23;&#xE35;&#xE22;&#xE07;  &#xE23;&#xE30;&#xE27;&#xE31;&#xE07;&#xE2A;&#xE33;&#xE42;&#xE23;&#xE07;</subfield>
  </datafield>
  <datafield tag="952" ind1=" " ind2=" ">
    <subfield code="0">0</subfield>
    <subfield code="1">0</subfield>
    <subfield code="2">lcc</subfield>
    <subfield code="4">0</subfield>
    <subfield code="7">0</subfield>
    <subfield code="8">CGBL</subfield>
    <subfield code="a">NALT</subfield>
    <subfield code="b">NALT</subfield>
    <subfield code="c">GEN</subfield>
    <subfield code="d">2024-06-21</subfield>
    <subfield code="l">0</subfield>
    <subfield code="o">QL 675 &#xE01;783&#xE01; 2565</subfield>
    <subfield code="p">3961214205</subfield>
    <subfield code="r">2024-08-01 00:00:00</subfield>
    <subfield code="w">2024-06-21</subfield>
    <subfield code="y">GB</subfield>
  </datafield>
</record>
